Management: a modern approach

Gespeichert in:
Bibliographische Detailangaben
1. Verfasser: Starr, Martin K (VerfasserIn)
Format: Buch
Sprache:Englisch
Veröffentlicht: Nueva York Harcourt Brace Jovanovich 1971
Schriftenreihe:The Harbrace Series in Business and Economics
Schlagworte:
Tags: Tag hinzufügen
Keine Tags, Fügen Sie den ersten Tag hinzu!

MARC

LEADER 00000nam a2200000 a 4500
001 UCR8402
003 CL-VaPUC
008 980529e19710000US |||||||||||||||||eng|d
082 0 4 |a 658.001  |b STA  |2 21 
100 0 |a Starr, Martin K  |e author  |9 410078 
245 1 0 |a Management: a modern approach 
300 |a 2 v 
942 |c BK 
945 |d 19980529 00:00:00  |a cmena 
260 |a Nueva York  |b Harcourt Brace Jovanovich  |c 1971 
500 |a v.2: Instructor's manual with solutions 
650 0 |a Administración de empresas   |9 260833 
650 0 |a Teoría de la administración  |9 388768 
650 0 |a Toma de decisiones   |9 257530 
650 0 |a Planificación estratégica   |9 259735 
650 0 |a Control de calidad   |9 259714 
583 |a last modification  |c 19980529 00:00:00  |k Rodrigo Vera 
490 0 |a The Harbrace Series in Business and Economics 
999 |c 269807  |d 269805 
952 |0 0  |1 0  |4 0  |6 658_001000000000000_STA_1971  |7 0  |8 P  |9 303822  |a BIBGIM  |b BIBGIM  |d 2019-11-20  |h v.1  |i 1406221  |o 658.001 STA 1971  |p 1406221  |r 2025-01-15  |w 2019-11-20  |y BK  |k COM 
952 |0 0  |1 0  |4 0  |6 658_001000000000000_STA_1971  |7 0  |8 P  |9 303823  |a BIBGIM  |b BIBGIM  |d 2019-11-20  |h v.2  |i 1406213  |o 658.001 STA 1971  |p 1406213  |r 2025-01-15  |w 2019-11-20  |y BK  |k COM